Raíces Griegas y Latinas: Prefijos y sufijos
Guardado en:
| Hovedforfatter: | |
|---|---|
| Format: | Bog |
| Sprog: | Undetermined |
| Udgivet: |
Santiago, Chile
Nascimento
1940
|
| Udgivelse: | 2 |
| Fag: | |
| Tags: |
Tilføj Tag
Ingen Tags, Vær først til at tagge denne postø!
|
MARC
| LEADER | 00000nam a2200000Ia 4500 | ||
|---|---|---|---|
| 008 | 170316s9999 xx 000 0 und d | ||
| 090 | |a 415-G V-1r | ||
| 100 | |a Vilches Acuña, Roberto | ||
| 245 | |a Raíces Griegas y Latinas: Prefijos y sufijos | ||
| 250 | |a 2 | ||
| 260 | |a Santiago, Chile | ||
| 260 | |b Nascimento | ||
| 260 | |c 1940 | ||
| 300 | |a 220 páginas | ||
| 650 | |a GRAMÁTICA GRIEGA | ||
| 650 | |a RAÍCES GRIEGAS | ||
| 650 | |a RAÍCES LATINAS | ||
| 650 | |a PREFIJOS | ||
| 650 | |a SUFIJOS | ||
| 999 | |c 19281 |d 19281 | ||
| 040 | |a cru BVZT | ||
| 942 | |c 15 D |h 415-G V-1r |2 z | ||
